000 01272nam a2200265 i 4500
001 189069
003 SpMaBN
005 20250902090039.0
008 190326s2017 sp |||| | spa d
020 _a978-84-89318-007
080 _a061.2(460.154 Azkoitia)"17"
080 _a930:37(460.15)
100 1 _aChaparro Sainz, Álvaro.
_9166704
245 1 0 _aEnseñar la "Bascongada", de sujetos hábiles a ciudadanos globales
_b: lección de ingreso como Amigo de Número leída el día 24 de mayo de 2007 por Álvaro Chaparro Sainz y palabras de recepción de María Victoria López-Cordón Cortezo.
260 _aMadrid :
_bDelegación en Corte, Real Sociedad Bascongada de los Amigos del País = Gorteko Ordezkaritza, Euskalerriaren Adiskideen Elkartea,
_c2017.
300 _a231 p. ;
_c21 cm.
504 _aBibliografía: p. 197-206.
610 2 4 _aReal Sociedad Bascongada de los Amigos del País-
_vHistoria
_96367
650 7 _aHistoria-
_xEnseñanza-
_zEspaña.
_9139301
700 1 _aLópez-Cordón, María Victoria.
_9166703
710 2 _aReal Sociedad Bascongada de los Amigos del País.
_bDelegación en Corte
_96371
852 _aES-MaACL
_jA-14452
_9196206
_bR.151816
_cDEPO1
_dOlim: N-7452
942 _2udc
_cMONOGRAFIA
999 _c189069
_d189069